Исследование влияния температуры охлаждающего потока в теплообменнике на режим работы низкотемпературного сепаратора; Проблемы геологии и освоения недр; Т. 2

Dettagli Bibliografici
Parent link:Проблемы геологии и освоения недр: труды XIV Международного симпозиума имени академика М. А. Усова студентов и молодых ученых, посвященного 65-летию Победы советского народа над фашистской Германией в Великой Отечественной войне 1941-1945 гг., 5-9 апреля 2010 г. г. Томск/ Томский политехнический университет (ТПУ), Институт геологии и нефтегазового дела (ИГНД) ; под ред. В. А. Домаренко.— , 2010.— 978-5-98298-729-7
Т. 2.— 2010.— С. 37-38
Autore principale: Аксёнов Р. В.
Altri autori: Шишмина Л. В. Людмила Всеволодовна (научный руководитель)
Lingua:russo
Pubblicazione: 2010
Soggetti:
Natura: MixedMaterials Capitolo di libro
KOHA link:https://koha.lib.tpu.ru/cgi-bin/koha/opac-detail.pl?biblionumber=192343

MARC

LEADER 00000naa2a2200000 4500
001 192343
005 20260114143027.0
035 |a (RuTPU)RU\TPU\book\209738 
090 |a 192343 
100 |a 20110224d2010 k y0rusy50 ca 
101 0 |a rus 
102 |a RU 
200 1 |a Исследование влияния температуры охлаждающего потока в теплообменнике на режим работы низкотемпературного сепаратора  |f Р. В. Аксёнов  |g науч. рук. Л. В. Шишмина 
320 |a Библиогр.: 3 назв. 
461 1 |0 (RuTPU)RU\TPU\book\205901  |y 978-5-98298-729-7  |t Проблемы геологии и освоения недр  |o труды XIV Международного симпозиума имени академика М. А. Усова студентов и молодых ученых, посвященного 65-летию Победы советского народа над фашистской Германией в Великой Отечественной войне 1941-1945 гг., 5-9 апреля 2010 г. г. Томск  |o в 2 т.  |f Томский политехнический университет (ТПУ), Институт геологии и нефтегазового дела (ИГНД) ; под ред. В. А. Домаренко  |d 2010 
463 1 |0 (RuTPU)RU\TPU\book\205109  |y 978-5-98298-731-0  |t Т. 2  |v С. 37-38  |d 2010 
610 1 |a теплообменники 
610 1 |a температура 
610 1 |a охлаждение 
610 1 |a низкотемпературные сепараторы 
610 1 |a труды учёных ТПУ 
700 1 |a Аксёнов  |b Р. В. 
702 1 |a Шишмина  |b Л. В.  |c российский геолог  |c доцент Томского политехнического университета, кандидат химических наук  |f 1951-  |g Людмила Всеволодовна  |4 727 
801 1 |a RU  |b 63413507  |c 20110224 
801 2 |a RU  |b 63413507  |c 20140124  |g RCR 
942 |c BK